[Event "SR 2. liga A 2018/2019"]
[Site "?"]
[Date "2019.03.03"]
[Round "9.6"]
[White "Badura, Peter"]
[Black "Mandak, Miroslav"]
[Result "1/2-1/2"]
[WhiteElo "1868"]
[BlackElo "1974"]
[PlyCount "88"]
[EventDate "2018.??.??"]
[WhiteTeam "KS Pezinok"]
[BlackTeam "SK Krasnany"]

1. e4 c5 2. Nf3 e6 3. c3 Nf6 4. Qc2 Nc6 5. d3 Qc7 6. h3 d5 7. Bg5 Be7 8. Nbd2
O-O 9. g4 b5 10. Bg2 Bb7 11. O-O-O c4 12. exd5 cxd3 13. Qxd3 Nb4 14. Qb1 Nfxd5
15. Ne4 Nf4 16. Bf1 Bxg5 17. Nfxg5 Ng6 18. Rd4 a5 19. Bxb5 h6 20. Nf3 Rac8 21.
Rhd1 Bd5 22. a3 Nc6 23. Bxc6 Qxc6 24. Qd3 Qb7 25. h4 Rb8 26. Rd2 Ne7 27. h5 Nc6
28. Nc5 Qa7 29. Rxd5 exd5 30. Qxd5 Ne7 31. Qd4 Rfd8 32. Nd7 Qxd4 33. Rxd4 Nc6
34. Rd6 Rbc8 35. Nd4 Ne5 36. Nxe5 Rxd6 37. Kd2 Rb8 38. b4 axb4 39. axb4 Rc8 40.
Kd3 f6 41. Nc4 Rdd8 42. Ne3 Kf7 43. Nef5 Ra8 44. b5 Rd7 1/2-1/2

[Event "SR 2. liga A 2018/2019"]
[Site "?"]
[Date "2019.03.03"]
[Round "9.7"]
[White "Gettler, Daniel"]
[Black "Moravcik, Denis"]
[Result "1-0"]
[WhiteElo "2042"]
[BlackElo "1716"]
[PlyCount "51"]
[EventDate "2018.??.??"]
[WhiteTeam "SK Krasnany"]
[BlackTeam "KS Pezinok"]

1. c4 Nf6 2. g3 g6 3. Bg2 Bg7 4. Nc3 c5 5. e4 d6 6. Nge2 O-O 7. d4 cxd4 8. Nxd4
Nc6 9. Nxc6 bxc6 10. e5 Ng4 11. exd6 exd6 12. O-O Qc7 13. Bf4 Be5 14. Bxe5 Nxe5
15. Qd4 c5 16. Qh4 Bb7 17. f3 f5 18. Rad1 f4 19. Nb5 Qg7 20. Nxd6 Rad8 21. gxf4
Rxd6 22. Rxd6 Nxc4 23. Rd8 Qxb2 24. Rxf8+ Kxf8 25. Qd8+ Kg7 26. Re1 1-0

[Event "SR 2. liga A 2018/2019"]
[Site "?"]
[Date "2019.03.03"]
[Round "9.8"]
[White "Scepan, Juraj"]
[Black "Zacik, Anton"]
[Result "1/2-1/2"]
[WhiteElo "1741"]
[BlackElo "1943"]
[PlyCount "38"]
[EventDate "2018.??.??"]
[WhiteTeam "KS Pezinok"]
[BlackTeam "SK Krasnany"]

1. Nf3 c5 2. g3 Nf6 3. Bg2 g6 4. c4 Bg7 5. Nc3 O-O 6. O-O Nc6 7. d3 d5 8. cxd5
Nxd5 9. Bd2 Nb6 10. Rc1 c4 11. dxc4 Nxc4 12. b3 Nxd2 13. Nxd2 Bg4 14. h3 Bh6
15. hxg4 Qxd2 16. Qxd2 Bxd2 17. Rc2 Rad8 18. Bxc6 bxc6 19. Ne4 Ba5 1/2-1/2

[Event "SR 2. liga A 2018/2019"]
[Site "?"]
[Date "2019.04.06"]
[Round "10.1"]
[White "Kostolansky, Sebastian"]
[Black "Gabris, Ondrej"]
[Result "1-0"]
[WhiteElo "2323"]
[BlackElo "2168"]
[PlyCount "85"]
[EventDate "2018.??.??"]
[WhiteTeam "SK Slovan Bratislava E"]
[BlackTeam "KS Pezinok"]

1. e4 e5 2. Nf3 Nf6 3. Nxe5 d6 4. Nf3 Nxe4 5. d3 Nf6 6. d4 d5 7. Bd3 Bd6 8. O-O
O-O 9. Nbd2 Re8 10. c3 Nbd7 11. Qc2 Nf8 12. b3 Ng6 13. Bb2 Nf4 14. Rae1 Nxd3
15. Qxd3 Be6 16. Ne5 Qc8 17. Qf3 c6 18. Re3 Qc7 19. Rfe1 Nd7 20. Qh5 f6 21. Nd3
Nf8 22. Nf1 Bf7 23. Qf3 Ng6 24. g3 Nf8 25. h4 Bg6 26. Rxe8 Rxe8 27. Rxe8 Bxe8
28. h5 Qf7 29. h6 g5 30. Ne3 Bd7 31. c4 Be6 32. cxd5 cxd5 33. Nc5 Bxc5 34. dxc5
Nd7 35. Ng4 Bxg4 36. Qxg4 Qe7 37. Qf5 Qf7 38. Bd4 Kf8 39. b4 a6 40. a4 Ke7 41.
b5 axb5 42. axb5 Nf8 43. Qc8 1-0

[Event "SR 2. liga A 2018/2019"]
[Site "?"]
[Date "2019.04.06"]
[Round "10.3"]
[White "Nestorenko, Dmitry"]
[Black "Fuchs, Ladislav"]
[Result "0-1"]
[WhiteElo "2159"]
[BlackElo "1956"]
[PlyCount "42"]
[EventDate "2018.??.??"]
[WhiteTeam "SK Slovan Bratislava E"]
[BlackTeam "KS Pezinok"]

1. e4 e5 2. Nf3 Nc6 3. c3 d5 4. Qa4 f6 5. d3 Be6 6. Be2 Qd7 7. Be3 Bd6 8. exd5
Bxd5 9. O-O Nge7 10. Nh4 Be6 11. Nd2 O-O 12. Nc4 b5 13. Qxb5 Nd4 14. Qxd7 Nxe2+
15. Kh1 Bxd7 16. Nxd6 cxd6 17. g3 g5 18. Ng2 Rfb8 19. Rab1 Bf5 20. Rfe1 Bxd3
21. Rbd1 e4 0-1

[Event "SR 2. liga A 2018/2019"]
[Site "?"]
[Date "2019.04.06"]
[Round "10.4"]
[White "Badura, Peter"]
[Black "Hacik, Radomir"]
[Result "1/2-1/2"]
[WhiteElo "1856"]
[BlackElo "2125"]
[PlyCount "93"]
[EventDate "2018.??.??"]
[WhiteTeam "KS Pezinok"]
[BlackTeam "SK Slovan Bratislava E"]

1. e4 c6 2. d4 d5 3. exd5 cxd5 4. Nf3 Nf6 5. Bd3 Bg4 6. h3 Bh5 7. c3 Qb6 8.
Qa4+ Nc6 9. Ne5 e6 10. b4 Be7 11. Bg5 Nd7 12. Nxd7 Kxd7 13. Be3 Bg6 14. Qc2
Rhc8 15. Qe2 Ke8 16. O-O Kf8 17. Nd2 Kg8 18. f4 a5 19. a3 axb4 20. axb4 Rxa1
21. Rxa1 Bd6 22. Nf3 Ne7 23. Bd2 Qc7 24. Ne5 Bf5 25. g4 Bxe5 26. fxe5 Bxd3 27.
Qxd3 Qc6 28. Ra5 b6 29. Ra7 Rc7 30. Qa6 Rxa7 31. Qxa7 Nc8 32. Qa6 h6 33. Kf2
Ne7 34. Ke3 g5 35. Qa7 Ng6 36. Qb8+ Kg7 37. Qd8 Qb5 38. Qf6+ Kg8 39. Qd8+ Kh7
40. Qf6 Qd7 41. Be1 Qc7 42. Kd2 Kg8 43. h4 Qa7 44. hxg5 Qa2+ 45. Kd1 Qb1+ 46.
Ke2 hxg5 47. Qxg5 1/2-1/2

[Event "SR 2. liga A 2018/2019"]
[Site "?"]
[Date "2019.04.06"]
[Round "10.5"]
[White "Vadila, Ondrej"]
[Black "Varholak, Peter"]
[Result "1-0"]
[WhiteElo "2087"]
[BlackElo "1742"]
[PlyCount "57"]
[EventDate "2018.??.??"]
[WhiteTeam "SK Slovan Bratislava E"]
[BlackTeam "KS Pezinok"]

1. d4 Nf6 2. Bf4 d6 3. Nc3 g6 4. e4 Bg7 5. Qd2 O-O 6. O-O-O Bg4 7. f3 Bd7 8.
Bh6 e6 9. Nge2 Nc6 10. h4 Kh8 11. Bxg7+ Kxg7 12. h5 Ng8 13. f4 Nce7 14. g4 Nf6
15. hxg6 hxg6 16. f5 Rh8 17. Rxh8 Qxh8 18. g5 Nh5 19. f6+ Nxf6 20. gxf6+ Kxf6
21. e5+ Kg7 22. Bg2 Nf5 23. Rh1 Qg8 24. Bxb7 Rb8 25. Be4 Kf8 26. Bxf5 exf5 27.
Nd5 Qg7 28. Qg5 Re8 29. Nf6 1-0

[Event "SR 2. liga A 2018/2019"]
[Site "?"]
[Date "2019.04.06"]
[Round "10.6"]
[White "Moravcik, Denis"]
[Black "Djubek, Boris"]
[Result "1-0"]
[WhiteElo "1716"]
[BlackElo "2017"]
[PlyCount "66"]
[EventDate "2018.??.??"]
[WhiteTeam "KS Pezinok"]
[BlackTeam "SK Slovan Bratislava E"]

1. d4 d5 2. c4 e6 3. Nc3 Nf6 4. Bg5 Be7 5. e3 O-O 6. Nf3 b6 7. Bd3 Bb7 8. O-O
Nbd7 9. Rc1 c5 10. cxd5 Nxd5 11. Bxe7 Qxe7 12. a3 Rfc8 13. Bb1 g6 14. Ne4 cxd4
15. Qxd4 e5 16. Qd3 N7f6 17. Qb3 Nc7 18. Nfg5 Nxe4 19. Nxe4 Nd5 20. Rcd1 Rd8
21. Rd2 Nf6 22. Rxd8+ Rxd8 23. Ng3 Qc5 24. e4 h5 25. Ba2 Qe7 26. f3 h4 27. Ne2
Rd2 28. Nc3 h3 29. g3 Nd7 30. Nd5 Qc5+ 31. Ne3 Qe7 32. Qc3 Qd6 33. Bd5 Rxd5 1-0

[Event "SR 2. liga A 2018/2019"]
[Site "?"]
[Date "2019.04.06"]
[Round "10.7"]
[White "Cambel, Vladimir"]
[Black "Scepan, Juraj"]
[Result "1-0"]
[WhiteElo "1999"]
[BlackElo "1753"]
[PlyCount "77"]
[EventDate "2018.??.??"]
[WhiteTeam "SK Slovan Bratislava E"]
[BlackTeam "KS Pezinok"]

1. d4 Nf6 2. Bf4 g6 3. Nc3 Bg7 4. e4 d6 5. Qd2 h5 6. O-O-O c6 7. Nf3 b5 8. Ng5
O-O 9. f3 Nh7 10. h4 Qa5 11. a3 Nd7 12. g4 c5 13. gxh5 cxd4 14. Nxb5 Qxd2+ 15.
Rxd2 gxh5 16. Bh2 Ne5 17. Nxd4 Bd7 18. Be2 Rab8 19. b3 Rfc8 20. Bg1 Nc6 21. Bc4
Ne5 22. Ba6 Rc7 23. f4 Ng4 24. Bc4 Rxc4 25. bxc4 a6 26. c3 Rc8 27. Rb2 Rxc4 28.
Kd2 Nf8 29. Rb4 Rc8 30. Rb7 Bxd4 31. Bxd4 f6 32. Nf3 Kf7 33. Ra7 Bb5 34. Re1
Ne6 35. e5 dxe5 36. fxe5 Nxd4 37. cxd4 f5 38. d5 Rd8 39. d6 1-0

[Event "SR 2. liga A 2018/2019"]
[Site "?"]
[Date "2019.04.06"]
[Round "10.1"]
[White "Janos, Martin"]
[Black "Machata, Martin"]
[Result "1-0"]
[WhiteElo "2151"]
[BlackElo "2197"]
[PlyCount "123"]
[EventDate "2018.??.??"]
[WhiteTeam "SK Slovan Bratislava D"]
[BlackTeam "SK Modra B"]

1. e4 c5 2. d4 cxd4 3. Nf3 g6 4. Nxd4 Bg7 5. c4 Nc6 6. Be3 Nh6 7. Be2 d6 8. Nc3
O-O 9. Qd2 Ng4 10. Bxg4 Bxg4 11. f3 Bd7 12. Nxc6 bxc6 13. O-O Be6 14. b3 Qa5
15. Rac1 Rfd8 16. Rfd1 Rab8 17. Bh6 Qc5+ 18. Be3 Qa5 19. Bd4 f6 20. Be3 Rd7 21.
Ne2 Qxd2 22. Rxd2 Rdb7 23. c5 dxc5 24. Rxc5 Bd7 25. Ra5 Ra8 26. Rd4 f5 27. e5
Be6 28. f4 Rb5 29. Rda4 Rxa5 30. Rxa5 a6 31. Nd4 Bd5 32. Rc5 Rc8 33. Nc2 e6 34.
Ra5 Ra8 35. Nb4 Bf8 36. Bc5 Bxc5+ 37. Rxc5 a5 38. Nxc6 a4 39. Ne7+ Kf8 40. Nxd5
axb3 41. axb3 exd5 42. Rxd5 Ra2 43. h3 Rb2 44. Rb5 h5 45. Rb7 Re2 46. Kf1 Re4
47. g3 h4 48. Kg2 Re2+ 49. Kf3 Rc2 50. gxh4 Rc3+ 51. Kf2 Rxh3 52. b4 Rxh4 53.
Ke3 Rh1 54. Kd4 Rd1+ 55. Kc5 Rf1 56. Kd6 Rxf4 57. Ke6 Re4 58. Kf6 Ke8 59. e6
Kd8 60. b5 f4 61. b6 f3 62. Rb8# 1-0

[Event "SR 2. liga A 2018/2019"]
[Site "?"]
[Date "2019.04.06"]
[Round "10.2"]
[White "Banas, Kamil"]
[Black "Ac, Michal"]
[Result "1-0"]
[WhiteElo "2287"]
[BlackElo "2164"]
[PlyCount "95"]
[EventDate "2018.??.??"]
[WhiteTeam "SK Modra B"]
[BlackTeam "SK Slovan Bratislava D"]

1. e4 e5 2. Nf3 Nc6 3. Bb5 a6 4. Ba4 Nf6 5. O-O Be7 6. Re1 b5 7. Bb3 d6 8. c3
O-O 9. h3 h6 10. d4 Re8 11. Nbd2 Bb7 12. Nf1 Bf8 13. Ng3 Na5 14. Bc2 g6 15. b3
Bg7 16. Qd2 Nc6 17. Bb2 Nh7 18. a4 Qf6 19. d5 Ne7 20. axb5 axb5 21. Qe2 c6 22.
dxc6 Bxc6 23. Bd3 Qe6 24. c4 bxc4 25. Bxc4 Qd7 26. Red1 Rxa1 27. Bxa1 Nc8 28.
Qd3 Qb7 29. Ba6 Qb4 30. Bxc8 Rxc8 31. Qxd6 Qxd6 32. Rxd6 Bxe4 33. Nxe4 Rc1+ 34.
Kh2 Rxa1 35. Rd8+ Bf8 36. Nxe5 Re1 37. Nd7 Rxe4 38. Rxf8+ Kg7 39. Rb8 Re2 40.
Kg3 Rd2 41. Rb7 Ng5 42. f3 h5 43. h4 Ne6 44. Ne5 Nd4 45. Rxf7+ Kg8 46. Rf6 Nf5+
47. Kh3 Re2 48. Nxg6 1-0

[Event "SR 2. liga A 2018/2019"]
[Site "?"]
[Date "2019.04.06"]
[Round "10.3"]
[White "Kolcak, Marek"]
[Black "Mydlarik, Martin"]
[Result "1-0"]
[WhiteElo "2117"]
[BlackElo "2130"]
[PlyCount "107"]
[EventDate "2018.??.??"]
[WhiteTeam "SK Slovan Bratislava D"]
[BlackTeam "SK Modra B"]

1. e4 e6 2. d4 d5 3. Nc3 Bb4 4. e5 c5 5. a3 Bxc3+ 6. bxc3 Qc7 7. Qg4 Ne7 8.
Qxg7 Rg8 9. Qxh7 cxd4 10. Ne2 dxc3 11. Qd3 Qxe5 12. Bf4 Qf5 13. Qxf5 Nxf5 14.
Nxc3 Bd7 15. Rg1 Nc6 16. Bd3 Nfd4 17. O-O-O f6 18. Be3 Rc8 19. Kb2 Kf7 20. h4
Rh8 21. Rh1 e5 22. Nxd5 Be6 23. Nc3 Nf5 24. h5 Nxe3 25. fxe3 Na5 26. Nb5 Ke7
27. Nxa7 Rcg8 28. Rh2 Rh6 29. Nb5 Rg3 30. e4 Rg5 31. Be2 Bc4 32. g4 Bxe2 33.
Rxe2 Rxg4 34. Nd6 Rxh5 35. Nf5+ Ke8 36. Kc3 Rh3+ 37. Rd3 Rxd3+ 38. cxd3 Kd7 39.
Rh2 Rg1 40. Rh7+ Kc8 41. Nd6+ Kb8 42. Nb5 Rc1+ 43. Kd2 Rc6 44. Rf7 b6 45. Rf8+
Kb7 46. Nc3 Kc7 47. Nd5+ Kd6 48. Rxf6+ Kc5 49. Rf3 Kd4 50. Nb4 Rh6 51. Nc2+ Kc5
52. Kc3 Nc6 53. Rf5 Rh3 54. Nb4 1-0

[Event "SR 2. liga A 2018/2019"]
[Site "?"]
[Date "2019.04.06"]
[Round "10.4"]
[White "Bochnicka, Vladimir ml"]
[Black "Fabry, Robert"]
[Result "1-0"]
[WhiteElo "2079"]
[BlackElo "2123"]
[PlyCount "115"]
[EventDate "2018.??.??"]
[WhiteTeam "SK Modra B"]
[BlackTeam "SK Slovan Bratislava D"]

1. e4 e5 2. Nf3 Nc6 3. Bc4 Nf6 4. d3 Be7 5. O-O O-O 6. Re1 d6 7. a4 Bg4 8. c3
Qd7 9. Nbd2 Be6 10. Ba2 Bxa2 11. Rxa2 Rab8 12. Ra1 Ne8 13. Nf1 Bf6 14. h3 g6
15. Ne3 Bg7 16. b4 Nf6 17. Rb1 Rfe8 18. Nh2 Nd8 19. Nhg4 Nxg4 20. hxg4 Ne6 21.
g3 c6 22. Qe2 d5 23. Nc2 Rbc8 24. Kg2 Qd6 25. Be3 b6 26. Rh1 Red8 27. Rbd1 Qc7
28. Rh2 dxe4 29. dxe4 Rxd1 30. Qxd1 Qd8 31. Rh1 Qe7 32. Qe2 Rd8 33. Rd1 Qc7 34.
Rd2 Bf6 35. Qd1 Be7 36. Na3 a5 37. Nc4 Rxd2 38. Qxd2 axb4 39. Bxb6 bxc3 40.
Qxc3 Qb7 41. a5 f6 42. Qd3 Bc5 43. Bxc5 Nxc5 44. Qd8+ Kg7 45. Nd6 Qd7 46. Qxd7+
Nxd7 47. Ne8+ Kf7 48. Nc7 Ke7 49. a6 Kd6 50. a7 Nb6 51. a8=Q Nxa8 52. Nxa8 c5
53. Nb6 Kc6 54. Nd5 c4 55. Kf1 Kc5 56. Ke2 Kd4 57. Nxf6 c3 58. f4 1-0

[Event "SR 2. liga A 2018/2019"]
[Site "?"]
[Date "2019.04.06"]
[Round "10.5"]
[White "Kolman, Richard"]
[Black "Sobek, Michal"]
[Result "1/2-1/2"]
[WhiteElo "1993"]
[BlackElo "2073"]
[PlyCount "40"]
[EventDate "2018.??.??"]
[WhiteTeam "SK Slovan Bratislava D"]
[BlackTeam "SK Modra B"]

1. d4 Nf6 2. Nc3 c5 3. d5 e6 4. e4 b5 5. dxe6 fxe6 6. e5 Nd5 7. Nxd5 exd5 8.
Qxd5 Nc6 9. Nf3 Qc7 10. Bf4 Bb7 11. e6 d6 12. Qf5 g6 13. Qf7+ Qxf7 14. exf7+
Kxf7 15. O-O-O Nb4 16. Bxb5 Bxf3 17. gxf3 Nxa2+ 18. Kb1 Nc3+ 19. bxc3 Rb8 20.
c4 a6 1/2-1/2

[Event "SR 2. liga A 2018/2019"]
[Site "?"]
[Date "2019.04.06"]
[Round "10.6"]
[White "Bochnickova, Andrea"]
[Black "Kuna, Vladimir"]
[Result "1-0"]
[WhiteElo "2102"]
[BlackElo "2000"]
[PlyCount "49"]
[EventDate "2018.??.??"]
[WhiteTeam "SK Modra B"]
[BlackTeam "SK Slovan Bratislava D"]

1. e4 c5 2. Nf3 d6 3. d4 cxd4 4. Nxd4 Nf6 5. Nc3 a6 6. Bg5 e6 7. f4 Be7 8. Qf3
Qc7 9. O-O-O Nc6 10. Qg3 Nxd4 11. Rxd4 e5 12. fxe5 dxe5 13. Bxf6 Bxf6 14. Nd5
Qa5 15. Rd3 Be6 16. Nxf6+ gxf6 17. Be2 Ke7 18. Rf1 Qb6 19. b3 Rac8 20. Qg7 Rhg8
21. Qxf6+ Ke8 22. Bh5 Qc7 23. Rd2 Rf8 24. Rf3 a5 25. Qxe6+ 1-0

[Event "SR 2. liga A 2018/2019"]
[Site "?"]
[Date "2019.04.06"]
[Round "10.7"]
[White "Zdrazil, Bohumir"]
[Black "Sandor, Martin"]
[Result "0-1"]
[WhiteElo "1788"]
[BlackElo "2015"]
[PlyCount "104"]
[EventDate "2018.??.??"]
[WhiteTeam "SK Slovan Bratislava D"]
[BlackTeam "SK Modra B"]

1. d4 d5 2. Nf3 Nf6 3. c4 e6 4. Bg5 Be7 5. Nc3 O-O 6. e3 Nbd7 7. cxd5 exd5 8.
Bd3 c6 9. Qc2 h6 10. Bh4 Re8 11. O-O Ne4 12. Bxe7 Qxe7 13. Nd2 Ndf6 14. Rae1
Nxd2 15. Qxd2 Ne4 16. Qc2 Nxc3 17. Qxc3 Qg5 18. f4 Qf6 19. f5 b6 20. Rf3 Bb7
21. b4 Rac8 22. Rc1 c5 23. bxc5 bxc5 24. dxc5 d4 25. Qxd4 Bxf3 26. Qxf6 gxf6
27. gxf3 Rxe3 28. Be4 Re2 29. c6 Rc7 30. a4 Kf8 31. Rb1 Ke7 32. a5 Ra2 33. Rb5
a6 34. Rc5 Rb2 35. h4 Rb5 36. Rc2 Rxa5 37. Kg2 Re5 38. Kg3 h5 39. Kf4 a5 40.
Ra2 Rc5 41. Ke3 Rc8 42. Kd4 Kd6 43. Ke3 R8xc6 44. Bxc6 Kxc6 45. Kd4 Rxf5 46.
Ke4 Rc5 47. f4 f5+ 48. Kd4 Rb5 49. Rc2+ Kd6 50. Rc8 Rb4+ 51. Ke3 Rb3+ 52. Kd4
Rf3 0-1

[Event "SR 2. liga A 2018/2019"]
[Site "?"]
[Date "2019.04.06"]
[Round "10.8"]
[White "Stevik, Patrik"]
[Black "Cervenak, Ladislav"]
[Result "1-0"]
[WhiteElo "1937"]
[BlackElo "1783"]
[PlyCount "49"]
[EventDate "2018.??.??"]
[WhiteTeam "SK Modra B"]
[BlackTeam "SK Slovan Bratislava D"]

1. e4 e5 2. Nf3 Nf6 3. Nxe5 d6 4. Nf3 Nxe4 5. d4 d5 6. Bd3 Be7 7. O-O O-O 8. c4
c6 9. Nc3 Nxc3 10. bxc3 dxc4 11. Bxc4 Nd7 12. Re1 Nb6 13. Bb3 Bg4 14. Qd3 Bf6
15. Ne5 Bh5 16. Qf5 Bxe5 17. Qxh5 Bf6 18. Ba3 g6 19. Qf3 Bg7 20. Bxf8 Qxf8 21.
Re2 Re8 22. Qxf7+ Qxf7 23. Rxe8+ Bf8 24. Bxf7+ Kxf7 25. Rb8 1-0

[Event "SR 2. liga A 2018/2019"]
[Site "?"]
[Date "2019.04.06"]
[Round "10.1"]
[White "Sahidi, Samir"]
[Black "Matejovic, Juraj"]
[Result "1-0"]
[WhiteElo "2394"]
[BlackElo "2244"]
[PlyCount "97"]
[EventDate "2018.??.??"]
[WhiteTeam "SK Doprastav"]
[BlackTeam "SK Nafta Gbely"]

1. d4 Nf6 2. Nf3 g6 3. Bg5 Bg7 4. e3 O-O 5. Nbd2 d5 6. Bd3 c5 7. c3 b6 8. Ne5
Nbd7 9. Nxd7 Nxd7 10. Qe2 f6 11. Bh4 e5 12. O-O a6 13. Rad1 Re8 14. Bc2 exd4
15. cxd4 cxd4 16. Qd3 Nc5 17. Qxd4 g5 18. Bg3 f5 19. Qb4 a5 20. Qa3 Ba6 21.
Rfe1 Qf6 22. b4 axb4 23. Qxb4 Bd3 24. Bb3 Rad8 25. Bc7 Rd7 26. Bxb6 Nxb3 27.
Nxb3 Qc3 28. Qa4 Rde7 29. Bd4 Qc4 30. Qxc4 dxc4 31. Bxg7 Kxg7 32. Nc5 Be4 33.
Rd4 c3 34. Rc1 Ra8 35. a4 Ra5 36. Rxc3 Bc6 37. Nb3 Ra6 38. Rd6 Rd7 39. Rxd7+
Bxd7 40. Nc5 Rc6 41. a5 Rc8 42. a6 Kf7 43. a7 Be6 44. h4 Bd5 45. hxg5 Rc7 46.
Rd3 Rxc5 47. Rxd5 Rc1+ 48. Kh2 Ra1 49. Rxf5+ 1-0

[Event "SR 2. liga A 2018/2019"]
[Site "?"]
[Date "2019.04.06"]
[Round "10.2"]
[White "Kovac, Andrej"]
[Black "Schwarz, Dusan"]
[Result "0-1"]
[WhiteElo "2221"]
[BlackElo "2314"]
[PlyCount "86"]
[EventDate "2018.??.??"]
[WhiteTeam "SK Nafta Gbely"]
[BlackTeam "SK Doprastav"]

1. b3 e5 2. Bb2 Nc6 3. e3 Nf6 4. Bb5 Bd6 5. Ne2 O-O 6. Bxc6 dxc6 7. d3 Qe7 8.
e4 Nh5 9. Nd2 Qg5 10. O-O Bg4 11. Qe1 Bxe2 12. Qxe2 Nf4 13. Qf3 Nxg2 14. Qxg2
Qxd2 15. Bc1 Qxc2 16. Bh6 g6 17. Bxf8 Rxf8 18. Qg3 Re8 19. Rfc1 Qe2 20. Re1 Qb2
21. Qe3 b6 22. Qe2 Qd4 23. Rac1 Bc5 24. Rc4 Qd7 25. Rec1 Re6 26. Rxc5 bxc5 27.
Rxc5 Rd6 28. Rxe5 Rxd3 29. Ra5 Qd8 30. Rxa7 Rd1+ 31. Kg2 Qg5+ 32. Kf3 Qh5+ 33.
Ke3 Qh3+ 34. Kf4 Qxh2+ 35. Ke3 Qh6+ 36. Kf3 Qh3+ 37. Kf4 Rd6 38. Ra8+ Kg7 39.
Re8 f6 40. Qg4 Qc3 41. f3 Rd1 42. Re7+ Kf8 43. Qe6 Qd2+ 0-1

[Event "SR 2. liga A 2018/2019"]
[Site "?"]
[Date "2019.04.06"]
[Round "10.3"]
[White "Dudas, Jan"]
[Black "Sosovicka, Juraj"]
[Result "1-0"]
[WhiteElo "2214"]
[BlackElo "2136"]
[PlyCount "55"]
[EventDate "2018.??.??"]
[WhiteTeam "SK Doprastav"]
[BlackTeam "SK Nafta Gbely"]

1. e4 e5 2. Nf3 Nc6 3. Bb5 f5 4. d4 fxe4 5. Nxe5 Nxe5 6. dxe5 c6 7. Be2 Qa5+ 8.
Bd2 Qxe5 9. Bc3 Qg5 10. Bh5+ Kd8 11. O-O Nf6 12. Bxf6+ Qxf6 13. Nc3 g6 14. Nxe4
Qxb2 15. Bg4 d5 16. c4 Bg7 17. Rb1 Qd4 18. Bxc8 Kxc8 19. Qg4+ Kc7 20. Rxb7+
Kxb7 21. Qd7+ Kb6 22. Rb1+ Qb2 23. Rxb2+ Bxb2 24. cxd5 Rab8 25. Qxc6+ Ka5 26.
Nd6 Ba1 27. Nb7+ Kb4 28. Qc5+ 1-0

[Event "SR 2. liga A 2018/2019"]
[Site "?"]
[Date "2019.04.06"]
[Round "10.4"]
[White "Travnicek, Petr"]
[Black "Polacik, Igor"]
[Result "1/2-1/2"]
[WhiteElo "2100"]
[BlackElo "2181"]
[PlyCount "20"]
[EventDate "2018.??.??"]
[WhiteTeam "SK Nafta Gbely"]
[BlackTeam "SK Doprastav"]

1. d4 Nf6 2. c4 g6 3. Nc3 d5 4. cxd5 Nxd5 5. Na4 c6 6. e4 Nb6 7. Be3 N8d7 8.
Nf3 Bg7 9. Be2 Nxa4 10. Qxa4 O-O 1/2-1/2

[Event "SR 2. liga A 2018/2019"]
[Site "?"]
[Date "2019.04.06"]
[Round "10.6"]
[White "Brunovsky, Peter"]
[Black "Orosi, Peter"]
[Result "0-1"]
[WhiteElo "1900"]
[BlackElo "2102"]
[PlyCount "72"]
[EventDate "2018.??.??"]
[WhiteTeam "SK Nafta Gbely"]
[BlackTeam "SK Doprastav"]

1. c4 e5 2. Nc3 Nf6 3. g3 d5 4. cxd5 Nxd5 5. Bg2 Be6 6. Nf3 Nc6 7. O-O Be7 8.
b3 Qd7 9. Bb2 f6 10. Rc1 O-O-O 11. Ne4 Bh3 12. Nc5 Bxc5 13. Rxc5 Nde7 14. d3 h5
15. Qc1 h4 16. Qc4 hxg3 17. fxg3 Bxg2 18. Kxg2 Nf5 19. Kf2 Nd6 20. Qa4 g5 21.
Rfc1 Kb8 22. Bc3 Rde8 23. e4 Nc8 24. Ba5 Nb6 25. Bxb6 cxb6 26. Rd5 Qe6 27. Qb5
Rc8 28. Rc4 f5 29. Nxe5 fxe4 30. Rxe4 Nxe5 31. Rdxe5 Rxh2+ 32. Ke3 Qh3 33. Rxg5
Qg2 34. Qe5+ Ka8 35. Rc4 Qe2+ 36. Kd4 Rd8+ 0-1

[Event "SR 2. liga A 2018/2019"]
[Site "?"]
[Date "2019.04.06"]
[Round "10.7"]
[White "Macka, Oto"]
[Black "Valla, Tomas"]
[Result "1-0"]
[WhiteElo "2089"]
[BlackElo "1867"]
[PlyCount "45"]
[EventDate "2018.??.??"]
[WhiteTeam "SK Doprastav"]
[BlackTeam "SK Nafta Gbely"]

1. d4 Nf6 2. Nc3 d5 3. Bf4 c6 4. f3 Bf5 5. g4 Bg6 6. h4 h6 7. e3 e6 8. Bd3 Bxd3
9. Qxd3 Bd6 10. Nge2 Qc7 11. O-O-O Nbd7 12. Bxd6 Qxd6 13. e4 dxe4 14. Nxe4 Qc7
15. g5 Nd5 16. Qa3 c5 17. dxc5 Ne5 18. Nd6+ Ke7 19. Rhe1 hxg5 20. Nb5 Qb8 21.
c6+ Kf6 22. hxg5+ Kxg5 23. f4+ 1-0

[Event "SR 2. liga A 2018/2019"]
[Site "?"]
[Date "2019.04.06"]
[Round "10.8"]
[White "Zajicek, Ferdinand"]
[Black "Bednar, Jan"]
[Result "0-1"]
[WhiteElo "1693"]
[BlackElo "2062"]
[PlyCount "90"]
[EventDate "2018.??.??"]
[WhiteTeam "SK Nafta Gbely"]
[BlackTeam "SK Doprastav"]

1. e4 c5 2. Nf3 d6 3. d4 cxd4 4. Nxd4 Nf6 5. Nc3 g6 6. Be3 Bg7 7. Qd2 Ng4 8.
Nf3 Nxe3 9. Qxe3 Nc6 10. a3 Qa5 11. Rd1 Bxc3+ 12. Qxc3 Qxc3+ 13. bxc3 Bg4 14.
Be2 Rc8 15. Rb1 Na5 16. Kd2 O-O 17. Rb4 Rc5 18. Nd4 Bxe2 19. Nxe2 Rfc8 20. Kd3
b6 21. Rhb1 Kg7 22. f4 h5 23. h4 R8c7 24. g3 e5 25. Rb5 f5 26. Rxc5 Rxc5 27.
Rb4 d5 28. exd5 Rxd5+ 29. Ke3 b5 30. fxe5 Nc4+ 31. Kf4 a5 32. Rb3 Rxe5 33. Nd4
Re4+ 34. Kf3 Nd2+ 35. Kf2 Nxb3 36. cxb3 b4 37. axb4 axb4 38. Ne2 bxc3 39. Nxc3
Rb4 40. Nd5 Rxb3 41. Ne3 Kf6 42. Ng2 Ke5 43. Nf4 Ke4 44. Nxg6 Rb2+ 45. Ke1 Kf3
0-1

[Event "SR 2. liga A 2018/2019"]
[Site "?"]
[Date "2019.04.06"]
[Round "10.1"]
[White "Sukuba, Zdeno"]
[Black "Pechac, Jergus"]
[Result "0-1"]
[WhiteElo "2129"]
[BlackElo "2464"]
[PlyCount "90"]
[EventDate "2018.??.??"]
[WhiteTeam "SK Krasnany"]
[BlackTeam "SK Osuske B"]

1. c4 Nf6 2. Nc3 g6 3. g3 Bg7 4. Bg2 O-O 5. Nf3 Nc6 6. d3 d6 7. O-O e5 8. Rb1
Bf5 9. Nd2 Qc8 10. Re1 Bh3 11. Bh1 a5 12. a3 Ne7 13. b4 axb4 14. axb4 h6 15. b5
Nh5 16. Nd5 Nxd5 17. cxd5 f5 18. b6 e4 19. Qb3 {=} Bd4 20. Bb2 Bxb6 21. Qc3 Kh7
22. Nc4 Ba7 23. e3 exd3 24. Bf3 Qd7 25. Qxd3 Bc5 26. Rec1 b6 27. Nd2 Nf6 28.
Bxf6 Rxf6 29. Nb3 Rff8 30. Nd4 Ra3 31. Qb5 f4 32. Qxd7+ Bxd7 33. gxf4 Bxd4 34.
Rxc7 Rf7 35. Bg4 Bxg4 36. Rxf7+ Kg8 37. Rb7 Bc5 38. Kg2 Bf5 39. Rd1 Bc2 40. Rd2
Be4+ 41. Kg3 Ra1 42. Re7 Rg1+ 43. Kh4 Bf3 44. Kh3 g5 45. fxg5 hxg5 0-1

[Event "SR 2. liga A 2018/2019"]
[Site "?"]
[Date "2019.04.06"]
[Round "10.2"]
[White "Jablonicky, Martin"]
[Black "Bronis, Marian"]
[Result "1-0"]
[WhiteElo "2322"]
[BlackElo "2085"]
[PlyCount "63"]
[EventDate "2018.??.??"]
[WhiteTeam "SK Osuske B"]
[BlackTeam "SK Krasnany"]

1. d4 d5 2. c4 Nc6 3. cxd5 Qxd5 4. Nf3 e5 5. Nc3 Bb4 6. Bd2 Bxc3 7. Bxc3 e4 8.
Ne5 Nxe5 9. dxe5 Qxd1+ 10. Rxd1 Be6 11. b3 Rd8 12. Rxd8+ Kxd8 13. g3 Ne7 14.
Bg2 Nd5 15. Bd4 e3 16. f4 b6 17. f5 Nb4 18. O-O Bd5 19. Bxe3 Bxg2 20. Kxg2 Re8
21. Bf4 Nxa2 22. Kf3 a5 {=} 23. h4 h5 24. Rg1 c5 25. g4 hxg4+ 26. Rxg4 b5 27.
Rxg7 a4 28. bxa4 b4 29. Rxf7 b3 30. Rb7 Nb4 31. e6 b2 32. Bd6 1-0

[Event "SR 2. liga A 2018/2019"]
[Site "?"]
[Date "2019.04.06"]
[Round "10.3"]
[White "Janos, Ivan"]
[Black "Karas, Marek"]
[Result "0-1"]
[WhiteElo "2098"]
[BlackElo "2246"]
[PlyCount "66"]
[EventDate "2018.??.??"]
[WhiteTeam "SK Krasnany"]
[BlackTeam "SK Osuske B"]

1. e4 c5 2. Nf3 Nc6 3. Bb5 g6 4. Bxc6 bxc6 5. d3 Bg7 6. O-O d6 7. Re1 e5 8. Na3
Ne7 9. Nc4 O-O 10. c3 h6 11. d4 Be6 12. Qe2 cxd4 13. cxd4 exd4 14. Bf4 d5 15.
Nd6 Nc8 16. Nxc8 Rxc8 17. e5 c5 18. b4 g5 19. Bg3 g4 20. Nh4 c4 21. f4 gxf3 22.
Nxf3 d3 23. Qe3 Bf5 24. Bh4 Qb6 25. Nd4 Be4 26. Bf6 Bxf6 27. exf6 Qxf6 28. Rf1
Qg5 29. Qh3 c3 30. Nf5 Kh7 31. Nd6 f5 32. Nxc8 Rxc8 33. Rfe1 d2 0-1